000 00423nam a2200181Ia 4500
001 10754
005 20260306161855.0
008 260306t2007||||xx |||||||||||||| ||spa||
041 _aESP
082 _a947.084
_bM48
100 _aMeyer, Jean
_eAUT
245 0 _aRusia y sus imperios:
_b1894-2005
260 _c2007
300 _a597 páginas :
_c22 cm.
650 _aGEN
654 _aCHU
942 _cLIB
_dJUS
_fJUS
_2ddc
_n
999 _c10754
_d10754